| 000 | 00923nam a2200253Ia 4500 | ||
|---|---|---|---|
| 003 | OSt | ||
| 005 | 20220923212958.0 | ||
| 006 | a|||||r|||| 00| 0 | ||
| 007 | ta | ||
| 008 | 220922b |||||||| |||| 00| 0 hin d | ||
| 024 | _a157,755 | ||
| 037 | _cTextual | ||
| 040 |
_aARTS _cARTS _bhin |
||
| 041 |
_2hin _ahin |
||
| 082 | _aO152,1:gN, L3 | ||
| 100 |
_aमिश्र, भगीरथ; तिवारी, बलभद् _9162859 |
||
| 245 | 0 | _aआधुनिक हिन्दी काव्य | |
| 246 | _aĀdhunik hindī kāvya | ||
| 260 |
_aभोपाल _b मध्यप्रदेश हिन्दी ग्रंथ अकादमी _c1973 |
||
| 300 |
_a8]632 पृ. _ccm. |
||
| 650 |
_aहिन्दी साहित्य _9156264 |
||
| 942 |
_hO152,1:gN, L3 _cTEXL _2CC |
||
| 999 |
_c312837 _d312837 |
||